000 00875nam a22002537a 4500
003 DO-SdBPM
005 20251010125056.0
008 160425b2014 dr 00| 0 spa d
020 _a9789945465211
040 _aDO-SdBPM
_bspa
_cBPMSU
082 4 _a863.44
_bG216p 2014
_222
100 1 _a García de Escobar, Obdulia
245 1 3 _a La princesa era yo /
_cObdulia García de Escobar ; ilustraciones Víctor Manuel
260 _aSanto Domingo :
_bEdiciones CPrint SRL,
_c2014
300 _a39 p. :
_bil.,
_c22 cm.
490 0 _aLa casa de los cunetos
500 _aLa biblioteca posee el cahier 5to. curso. Educación básica
590 _aInventariado, 2025/VM
650 4 _aCuentos infantiles españoles
650 4 _aPrincesas
_vCuentos infantiles
700 1 _a Manuel, Víctor
_e ilustración
910 _aVMateo V. Control de calidad. BPMSU
942 _2ddc
_cBK
999 _c15127
_d15127